000
00284nam a2200109 a 4500
005
20140513081055.0
008
051004s19uu xx 00 eng d
050
_a
VCD
_b
Os83 2001
245
_a
Osmosis Jones :
_b
He's one cell of a guy.
260
_b
Warner bros,
_c
2001.
999
_c
116455
_d
116455